La reforma universitaria en Zacatecas : ¿qué papel tienen que jugar los sindicatos? (Record no. 75949)
[ view plain ]
| 000 -CABECERA | |
|---|---|
| campo de control de longitud fija | 00587nam a2200217 a 4500 |
| 005 - FECHA Y HORA DE LA ÚLTIMA TRANSACCIÓN | |
| campo de control | 20210219153411.0 |
| 008 - ELEMENTOS DE LONGITUD FIJA--INFORMACIÓN GENERAL | |
| campo de control de longitud fija | 991125n 000 0 spa u |
| 035 ## - NÚMERO DE CONTROL DEL SISTEMA | |
| Número de control de sistema | UPN01000096843 |
| 100 ## - ASIENTO PRINCIPAL--NOMBRE PERSONAL | |
| Nombre de persona | PINEDA VEGA, Jose Luis |
| 222 ## - TÍTULO CLAVE | |
| Título clave | EDUCADORES DEL MUNDO |
| 245 ## - MENCIÓN DE TÍTULO | |
| Título | La reforma universitaria en Zacatecas : ¿qué papel tienen que jugar los sindicatos? |
| 300 ## - DESCRIPCIÓN FÍSICA | |
| Extensión | 14-15 |
| 362 ## - FECHAS DE PUBLICACIÓN Y/O DESIGNACIÓN SECUENCIAL | |
| Fecha de publicación y/o designación secuencial | 1989 No. 3 |
| 653 0# - TERMINO DE INDIZACION - NO CONTROLADO | |
| Término no controlado | ALUMNOS |
| 653 0# - TERMINO DE INDIZACION - NO CONTROLADO | |
| Término no controlado | REFORMA UNIVERSITARIA |
| 653 0# - TERMINO DE INDIZACION - NO CONTROLADO | |
| Término no controlado | SPAUAZ |
| 653 0# - TERMINO DE INDIZACION - NO CONTROLADO | |
| Término no controlado | UAZ |
| 653 0# - TERMINO DE INDIZACION - NO CONTROLADO | |
| Término no controlado | ZACATECAS (ESTADO) |
| 904 ## - ELEMENTOS DE DATOS D LOCAL, LDD (RLIN) | |
| a | AC |
| b | 034654 |
| 905 ## - TIPO DE MATERIAL | |
| Tipo de material | Articulo |
No items available.
